Mikrobiologické vyšetrovacie metódy

Bibliographic Details
Main Author: Zahradnický, Jiří, 1922-1996 (Author)
Other Authors: Frlička, Ján Ferdinand, 1918-1968 (Translator)
Format: Book
Language:Slovak
Czech
PhysicalDescription:697 strán, 46 nečíslovaných strán obrazových príloh fotografie, ilustrácie, tabuľky 21 cm
Published: Martin Osveta 1981
Edition:4. preprac. a dopl. vyd.
Series:Učebnice pre stredné zdravotnícke školy
Subjects:

MARC

LEADER 00000cam a2200000 a 4500
001 vtls009587445
003 SK-MaSNL
005 20260301082351.0
008 230501e1981 xo oal drp 001 0 slo
015 |a SNBA1981 
020 |q (viazané) 
035 |a urn:nbn:sk:snk-am00ikio 
035 |a 194B16C5-B7D6-4EEB-8DD2-D74DB9641AE9 
040 |a SNK  |b slo  |c SNK  |e AACR2 
041 0 |a slo  |h cze 
044 |a xo  |c SK 
072 7 |a 579  |x Mikrobiológia  |2 konspekt 
072 7 |a 37.016  |x Učebné osnovy. Vyučovacie predmety. Učebnice  |2 konspekt 
080 |a 579  |2 2011 
080 |a (075.3)  |2 2011 
080 |a 616-074/-079  |2 2011 
080 |a 616-07  |2 2011 
100 1 |a Zahradnický, Jiří,  |d 1922-1996  |4 aut  |9 113471 
245 1 0 |a Mikrobiologické vyšetrovacie metódy  |c Jiří Zahradnický a kolektiv ; [preklad Ján Frlička ... [et al.]] 
250 |a 4. preprac. a dopl. vyd. 
260 |a Martin  |b Osveta  |c 1981 
300 |a 697 strán, 46 nečíslovaných strán obrazových príloh  |b fotografie, ilustrácie, tabuľky  |c 21 cm 
490 1 |a Učebnice pre stredné zdravotnícke školy 
500 |a Obsahuje register 
650 0 7 |a mikrobiológia  |2 SNKPH  |9 3580 
650 0 7 |a laboratórna diagnostika  |2 SNKPH  |9 58157 
650 0 7 |a diagnostické metódy  |2 SNKPH  |9 71493 
655 7 |a učebnice stredných škôl  |2 SNKPH  |9 69323 
700 1 |a Frlička, Ján Ferdinand,  |d 1918-1968  |4 trl  |9 110121 
830 0 |a Učebnice pre stredné zdravotnícke školy  |9 277008 
852 |a Slovenská národná knižnica 
954 |a odborná, vedecká literatúra cudzojazyčná (svetová)  |2 lita 
958 |a OND 
958 |a MI 
958 |a OP 
958 |a EUIPO 
968 |b ČES 
999 |c 658331  |d 660261 
952 |t P60, <04>, [BOOK], {604}  |a SNK  |b SNK  |y VYP  |7 0  |p 17A0499181  |o snkSC 53257 D1  |i snkKSP 7352/81  |0 0  |1 0  |4 0  |d 1997-05-29  |l 0  |r 2005-01-02 00:00:00  |w 2026-02-23 
952 |a SNK  |b SNK  |y PREZ  |7 0  |p 17A0864542  |o snkSC 53257  |i snkKSP 7351/81  |0 0  |1 0  |4 0  |d 2012-08-06  |f 1  |l 0  |r 2025-11-06 00:00:00  |w 2026-02-23